[Event "II Campionato Italiano Lampo Online"]
[Site "playchess.com"]
[Date "2007.12.23"]
[Round "1.1"]
[White "Rombaldoni, Denis"]
[Black "Napoli, Nicolò"]
[Result "1-0"]
[WhiteElo "2556"]
[BlackElo "2775"]
[PlyCount "35"]
[EventDate "2007.12.23"]
[Source "www.chesslib.no"]
[SourceDate "2004.05.04"]

1. d4 g6 2. c4 Bg7 3. Nf3 c6 4. Nc3 d5 5. cxd5 cxd5 6. Bf4 Nf6 7. e3 O-O 8. h3 Nc6 9. Bd3 a6 10. O-O b5 11. Rc1 Bb7 12. Ne5 Rc8 13. Qf3 Qb6 14. Bg3 e6 15. Qe2 Nb4 16. Bb1 Nc6 17. Nd3 Ne4 18. Nxe4 1-0

[Event "San Roque"]
[Site "?"]
[Date "1996.??.??"]
[Round "9"]
[White "Gulko Boris F"]
[Black "Ehlvest Jaan"]
[Result "1/2-1/2"]
[WhiteElo "2615"]
[BlackElo "2660"]
[PlyCount "22"]
[EventDate "1996.??.??"]
[Source "www.chesslib.no"]
[SourceDate "2004.05.04"]

1. d4 g6 2. a4 d6 3. e4 Bg7 4. Na3 e5 5. Be2 Ke7 6. Bb5 f5 7. Bh6 Kf8 8. Ne2 Nc6 9. g3 g5 10. Nc1 Qe7 11. Ke2 Qe6 1/2-1/2

[Event "World Cup"]
[Site "Khanty-Mansiysk RUS"]
[Date "2007.12.02"]
[Round "3.6"]
[White "Sasikiran, K."]
[Black "Macieja, B."]
[Result "1-0"]
[WhiteElo "2661"]
[BlackElo "2606"]
[PlyCount "69"]
[EventDate "2007.11.24"]
[Source "www.chesslib.no"]
[SourceDate "2004.05.04"]

1. d4 g6 2. c4 Bg7 3. e4 c5 4. d5 b5 5. cxb5 d6 6. a4 a6 7. Nc3 axb5 8. Bxb5+ Bd7 9. Bd2 Nf6 10. Nf3 O-O 11. O-O Na6 12. h3 Nc7 13. Bc4 Qb8 14. Qc2 Bc8 15. Rfe1 Ba6 16. b3 Nd7 17. Rab1 Qb7 18. Bf4 Qb4 19. Na2 Qb7 20. Nc3 Nb6 21. e5 Ncxd5 22. Nxd5 Nxd5 23. Bxd5 Qxd5 24. Rbd1 Qc6 25. exd6 exd6 26. Rxd6 Qb7 27. Be5 f6 28. Bg3 c4 29. bxc4 Rfc8 30. c5 Qf7 31. c6 Bc4 32. Rd7 Bb3 33. Qb2 f5 34. Be5 Bxe5 35. Rxe5 1-0

[Event "Corr"]
[Site "?"]
[Date "1999.06.30"]
[Round "?"]
[White "Hamarat Tunc (AUT)"]
[Black "Ekebjaerg Ove (DEN)"]
[Result "1/2-1/2"]
[WhiteElo "2603"]
[BlackElo "2635"]
[PlyCount "31"]
[EventDate "1999.??.??"]
[Source "www.chesslib.no"]
[SourceDate "2004.05.04"]

1. d4 g6 2. e4 Bg7 3. c4 c5 4. Nf3 Nc6 5. d5 Nd4 6. Nxd4 cxd4 7. Bd3 d6 8. O-O Nf6 9. Na3 O-O 10. f4 Qb6 11. f5 e5 12. dxe6 fxe6 13. fxg6 hxg6 14. Bg5 e5 15. Qd2 Be6 16. b3 1/2-1/2

[Event "Bergraser Memorial-GM"]
[Site "Bergraser Memorial-GM"]
[Date "1989.??.??"]
[Round "?"]
[White "Anton, Volker-Michael"]
[Black "Goldenberg, Richard"]
[Result "1/2-1/2"]
[WhiteElo "2630"]
[BlackElo "2590"]
[PlyCount "53"]
[EventDate "1989.??.??"]
[Source "www.chesslib.no"]
[SourceDate "2004.05.04"]

1. d4 g6 2. c4 Bg7 3. Nc3 c5 4. d5 Bxc3+ 5. bxc3 f5 6. h4 d6 7. h5 Qa5 8. Qc2 gxh5 9. Bg5 Nd7 10. e3 Ngf6 11. f3 Rg8 12. Nh3 b5 13. Bxf6 Nxf6 14. Nf4 b4 15. Kf2 bxc3 16. Bd3 Rb8 17. Rhb1 Rb6 18. Rxb6 axb6 19. Rb1 Bd7 20. Qb3 Kf7 21. Ne2 h4 22. Rh1 e5 23. dxe6+ Bxe6 24. Rxh4 Ra8 25. Qb1 Qxa2 26. Qxb6 Re8 27. Qxd6 1/2-1/2

[Event "Gawlikowski mem 18th"]
[Site "?"]
[Date "1999.??.??"]
[Round "?"]
[White "Bareev Evgeny"]
[Black "Gdanski Jacek"]
[Result "1/2-1/2"]
[WhiteElo "2679"]
[BlackElo "2530"]
[PlyCount "113"]
[EventDate "1999.??.??"]
[Source "www.chesslib.no"]
[SourceDate "2004.05.04"]

1. d4 g6 2. c4 Bg7 3. e4 c5 4. d5 d6 5. Nc3 a6 6. a4 e6 7. Bd3 Ne7 8. h4 h5 9. Nge2 Nd7 10. dxe6 fxe6 11. Bg5 Ne5 12. Nf4 Qb6 13. Be2 Qxb2 14. Rc1 N7c6 15. Rh3 Nd4 16. Nxg6 Nxg6 17. Bxh5 O-O 18. Ne2 Nxe2 19. Bxe2 Nf4 20. Rb3 Qxe2+ 21. Qxe2 Nxe2 22. Kxe2 Bd4 23. f3 Rf7 24. a5 d5 25. cxd5 exd5 26. exd5 Bd7 27. Kd2 Bb5 28. Be3 c4 29. Rb4 c3+ 30. Rxc3 Bxc3+ 31. Kxc3 Rc8+ 32. Kd4 Rd7 33. Bf4 Rc2 34. g3 Kf7 35. d6 Ke6 36. h5 Rf7 37. Rb1 Rxf4+ 38. gxf4 Rh2 39. Rg1 Rxh5 40. Rg6+ Kd7 41. Rg7+ Kxd6 42. Rxb7 Rd5+ 43. Ke3 Kc5 44. Re7 Kb4 45. Re5 Rd1 46. Re4+ Kxa5 47. f5 Rd8 48. f6 Rf8 49. Rf4 Kb6 50. Kd4 a5 51. Kc3 Kc5 52. Rf5+ Kb6 53. f7 Bd7 54. Rf6+ Kc5 55. Kb3 a4+ 56. Ka3 Kd5 57. f4 1/2-1/2

[Event "Degremont GP"]
[Site "Clichy"]
[Date "2004.03.13"]
[Round "1.1"]
[White "Tregubov, Pavel V"]
[Black "Degraeve, Jean Marc"]
[Result "1-0"]
[WhiteElo "2628"]
[BlackElo "2566"]
[PlyCount "45"]
[EventDate "2004.03.13"]
[Source "Roberto Alvarez"]
[SourceDate "2004.03.22"]

1. d4 g6 2. c4 Bg7 3. Nf3 c5 4. d5 d6 5. e4 e6 6. h3 exd5 7. exd5 Ne7 8. Bd3 Bf5 9. O-O O-O 10. Nc3 Bxd3 11. Qxd3 a6 12. Bf4 Qc7 13. Rae1 Nc8 14. Re2 h6 15. h4 Nd7 16. h5 g5 17. Bxg5 hxg5 18. Nxg5 Nf6 19. Nce4 Nxe4 20. Qxe4 f5 21. Qe6+ Kh8 22. Qg6 Be5 23. Qh6+ 1-0

[Event "Masters"]
[Site "Abu Dhabi"]
[Date "2004.08.18"]
[Round "5"]
[White "Harikrishna, Penteala"]
[Black "Minasian, Artashes"]
[Result "1/2-1/2"]
[WhiteElo "2599"]
[BlackElo "2584"]
[PlyCount "98"]
[EventDate "2004.08.14"]
[Source "Roberto Alvarez"]
[SourceDate "2004.08.30"]

1. d4 g6 2. Nf3 Bg7 3. g3 c5 4. d5 Nf6 5. Bg2 O-O 6. c4 d6 7. O-O a6 8. Nc3 b5 9. cxb5 axb5 10. Nxb5 Na6 11. Nc3 Rb8 12. Nd2 e6 13. Nde4 Nxe4 14. Nxe4 Bxb2 15. Bh6 exd5 16. Qxd5 Bb7 17. Qxd6 Bxe4 18. Bxf8 Bxg2 19. Kxg2 Bxa1 20. Rxa1 Qxf8 21. Qxa6 Qe7 22. Rc1 Qe4+ 23. Kg1 Ra8 24. Qd3 Qxd3 25. exd3 Rxa2 26. Rxc5 Rd2 27. Rc3 h5 28. h4 Kg7 29. Kg2 Kf6 30. Kf3 Ke6 31. Ke3 Ra2 32. Rc6+ Ke7 33. Rb6 Ra4 34. Rb2 Ke6 35. d4 Ra1 36. Rd2 Kf5 37. Kd3 Ra3+ 38. Kc4 Ke6 39. Re2+ Kd6 40. Re3 Ra2 41. Rf3 f5 42. Kd3 Kd5 43. Ke3 Ke6 44. d5+ Ke5 45. d6 Ra6 46. d7 Rd6 47. Rf4 Rxd7 48. Ra4 Rd6 49. Ra5+ Kf6 1/2-1/2

[Event "ECC"]
[Site "Rethymnon"]
[Date "2003.10.03"]
[Round "6"]
[White "Kempinski, Robert"]
[Black "Kozul, Zdenko"]
[Result "1-0"]
[WhiteElo "2565"]
[BlackElo "2596"]
[PlyCount "75"]
[EventDate "2003.09.28"]
[Source "Roberto Alvarez"]
[SourceDate "2003.10.06"]

1. d4 g6 2. c4 Bg7 3. g3 c5 4. d5 d6 5. Bg2 f5 6. Nh3 Na6 7. Nf4 Nc7 8. h4 a6 9. e4 Nf6 10. h5 fxe4 11. hxg6 hxg6 12. Rxh8+ Bxh8 13. Nxg6 Bg4 14. Qc2 Bg7 15. Nc3 Qd7 16. Nh4 O-O-O 17. Nxe4 b5 18. Bg5 bxc4 19. Nxf6 Bxf6 20. Bxf6 exf6 21. Kf1 Re8 22. Re1 Rxe1+ 23. Kxe1 Qb5 24. Nf5 Qa5+ 25. Kf1 Qxa2 26. Kg1 Nb5 27. Ne7+ Kc7 28. Qh7 c3 29. bxc3 Nxc3 30. Nc6+ Bd7 31. Qe7 Qa1+ 32. Kh2 Kb6 33. Qxd7 Ne2 34. Qxd6 Kb5 35. Kh3 a5 36. Qb8+ Kc4 37. Qe8 Qe1 38. Nxa5+ 1-0

[Event "2nd IECC, Ohrid MKD"]
[Site "?"]
[Date "2001.??.??"]
[Round "2"]
[White "Korchnoi, V."]
[Black "Chatalbashev, B."]
[Result "0-1"]
[WhiteElo "2640"]
[BlackElo "2515"]
[PlyCount "98"]
[EventDate "2001.??.??"]
[Source "www.chesslib.no"]
[SourceDate "2004.05.04"]

1. d4 g6 2. e4 Bg7 3. c4 c5 4. d5 d6 5. f3 e6 6. Nc3 exd5 7. cxd5 a6 8. a4 Ne7 9. Bd3 Nd7 10. Nge2 O-O 11. O-O f5 12. Nf4 Ne5 13. Be2 Kh8 14. a5 b5 15. axb6 Qxb6 16. Kh1 fxe4 17. fxe4 Ng8 18. Qc2 Nf6 19. Be3 Qb7 20. Nd3 Nxd3 21. Bxd3 Qe7 22. Bg5 h6 23. e5 dxe5 24. Bxf6 Rxf6 25. Rxf6 Qxf6 26. Rf1 Bf5 27. Bxf5 gxf5 28. Rxf5 Qg6 29. h4 e4 30. Qxe4 Rg8 31. Rf4 Qh5 32. Qf3 Qe5 33. Re4 Qb8 34. Qe2 Rf8 35. Re6 Qg3 36. Re4 Rf2 37. Re8+ Bf8 38. Rxf8+ Rxf8 39. Qxa6 Qxh4+ 40. Kg1 Re8 41. Ne2 Qe1+ 42. Kh2 Qh4+ 43. Kg1 Qe1+ 44. Kh2 Rxe2 45. Qxh6+ Kg8 46. d6 Qd2 47. Qg6+ Kf8 48. Qf5+ Kg7 49. Qg4+ Kf6 0-1

[Event "It (Men) Pulvermuehle GER"]
[Site "?"]
[Date "2006.02.27"]
[Round "3"]
[White "Kortschnoj Viktor"]
[Black "Bezold Michael"]
[Result "1/2-1/2"]
[WhiteElo "2608"]
[BlackElo "2534"]
[PlyCount "180"]
[EventDate "2006.??.??"]
[Source "www.chesslib.no"]
[SourceDate "2004.05.04"]

1. d4 g6 2. c4 Bg7 3. Nc3 c5 4. d5 Bxc3+ 5. bxc3 f5 6. Nh3 Qa5 7. Bd2 Nf6 8. f3 d6 9. Nf4 Nbd7 10. h4 Ne5 11. e3 Bd7 12. a4 O-O-O 13. Qb1 Kb8 14. Be2 Rde8 15. Kd1 Nh5 16. Nxh5 gxh5 17. Kc1 Rhg8 18. Rh2 Rg6 19. Be1 e6 20. Qa2 Reg8 21. Bf1 Qa6 22. f4 Ng4 23. Rh3 exd5 24. Be2 Rc8 25. cxd5 c4 26. a5 Rc5 27. Bf3 Nf6 28. Rh1 Rg8 29. g3 Ne4 30. Bxh5 Rgc8 31. Bf3 Rxd5 32. Rh2 Rcc5 33. Qb1 Rb5 34. Rb2 Rxb2 35. Qxb2 Rb5 36. Qc2 Nc5 37. Kd1 Bc6 38. Bxc6 Qxc6 39. Qxf5 Rb2 40. Qf8+ Kc7 41. Qg7+ Nd7 42. Qd4 Rh2 43. e4 Qb5 44. Bf2 Qh5+ 45. Ke1 Nc5 46. e5 Nd3+ 47. Kf1 Rxf2+ 48. Kg1 Qg6 49. exd6+ Kd7 50. Qe3 Rb2 51. a6 Qxd6 52. axb7 a6 53. b8=Q Rxb8 54. Qa7+ Kd8 55. Rxa6 Rb1+ 56. Kh2 Rb2+ 57. Kg1 Qd5 58. Qa8+ Qxa8 59. Rxa8+ Kd7 60. Ra4 Ne1 61. Kf1 Nf3 62. f5 h5 63. Ra7+ Kd6 64. f6 Ne5 65. Rh7 Ke6 66. Rxh5 Kxf6 67. Rg5 Rc2 68. Rg8 Rxc3 69. h5 Ra3 70. h6 Ra7 71. g4 Nf3 72. Rc8 Kg6 73. Rc6+ Kg5 74. Rc5+ Kxh6 75. Ke2 Nd4+ 76. Ke3 Nc2+ 77. Kf4 Na3 78. Rc6+ Kg7 79. g5 Rd7 80. Kg4 Nc2 81. Kh5 Ne3 82. Rc5 Ra7 83. Rc6 Rd7 84. Rc5 Rd5 85. Rc7+ Kf8 86. Kh6 Ng4+ 87. Kh7 Rxg5 88. Rc8+ Kf7 89. Rc7+ Ke6 90. Rxc4 Nf6+ 1/2-1/2

[Event "Bundesliga 0001"]
[Site "Germany"]
[Date "2001.02.17"]
[Round "8.2"]
[White "Babula, Vlastimil"]
[Black "Bischoff, Klaus"]
[Result "1/2-1/2"]
[WhiteElo "2582"]
[BlackElo "2556"]
[PlyCount "81"]
[EventDate "2000.10.14"]
[Source "ChessBase"]
[SourceDate "2001.07.03"]

1. d4 g6 2. c4 Bg7 3. e4 Nc6 4. Nf3 d6 5. d5 Nb8 6. Nc3 c6 7. Be2 Bg4 8. O-O Nf6 9. e5 dxe5 10. Nxe5 Bxe2 11. Qxe2 cxd5 12. cxd5 O-O 13. Rd1 Na6 14. Bg5 Nc7 15. d6 exd6 16. Ne4 d5 17. Ng4 Nxe4 18. Bxd8 Raxd8 19. f3 Nc5 20. Qe7 N5e6 21. Nf6+ Bxf6 22. Qxf6 d4 23. Rac1 Rd7 24. Qe5 Rfd8 25. a3 h5 26. Rd2 Rd5 27. Qe4 b6 28. Rc6 R5d7 29. b4 Kh7 30. f4 Ng7 31. Rxc7 Rxc7 32. Rxd4 Rdc8 33. Rd2 Nf5 34. g3 Re7 35. Qd3 Rce8 36. Kg2 Re3 37. Qb5 Kg7 38. Rd3 Re2+ 39. Kh3 R8e7 40. Rd7 R7e6 41. Qc4 1/2-1/2

[Event "Premier"]
[Site "Hastings ENG"]
[Date "2008.01.03"]
[Round "7"]
[White "Pert, N."]
[Black "Chatalbashev, B."]
[Result "1/2-1/2"]
[WhiteElo "2539"]
[BlackElo "2581"]
[PlyCount "38"]
[EventDate "2007.12.28"]
[Source "www.chesslib.no"]
[SourceDate "2004.05.04"]

1. d4 g6 2. Nf3 Bg7 3. g3 c5 4. c3 Qa5 5. Nbd2 cxd4 6. Nb3 Qb6 7. Nfxd4 Nf6 8. Bg2 Nc6 9. O-O O-O 10. e4 d6 11. h3 a5 12. a4 Nxd4 13. Nxd4 Bd7 14. Qe2 Rfc8 15. Be3 Qa6 16. Rfd1 Qxe2 17. Nxe2 Bc6 18. f3 Nd7 19. Nd4 Ne5 1/2-1/2

[Event "Campionato europeo 2007"]
[Site "Dresda GER"]
[Date "2007.04.09"]
[Round "7.44"]
[White "Vaganian, Rafael"]
[Black "Nevednichy, Vladislav"]
[Result "0-1"]
[WhiteElo "2590"]
[BlackElo "2528"]
[PlyCount "109"]
[EventDate "2007.04.03"]
[Source "www.chesslib.no"]
[SourceDate "2004.05.04"]

1. d4 g6 2. c4 Bg7 3. Nf3 c5 4. e4 Qb6 5. dxc5 Qxc5 6. Nbd2 d6 7. Be2 Qc7 8. O-O Nc6 9. Nb1 a5 10. a4 Be6 11. Na3 Nf6 12. Nb5 Qd8 13. Nd2 O-O 14. Rb1 Nd7 15. Bg4 Nc5 16. b3 Qd7 17. Bxe6 fxe6 18. Qg4 Ne5 19. Qh3 Ncd3 20. Qe3 Rf7 21. f4 Bh6 22. g3 Raf8 23. Ba3 Nxf4 24. gxf4 Bxf4 25. Rxf4 Rxf4 26. Nd4 Ng4 27. Qh3 e5 28. N4f3 h5 29. Qg3 Kg7 30. h3 Qc6 31. Ng5 R8f6 32. Qc3 Nf2 33. Rf1 Qc8 34. Kg2 Nxh3 35. Qxh3 Qg4+ 36. Qxg4 Rxg4+ 37. Kh3 Rxg5 38. Rxf6 Kxf6 39. c5 Rg1 40. cxd6 exd6 41. Bxd6 Re1 42. Nc4 Ke6 43. Bxe5 Rb1 44. Kh4 Rxb3 45. Nxa5 Rb4 46. Bf4 Rxe4 47. Kg5 b6 48. Nc6 Rxa4 49. Nd8+ Kd5 50. Nf7 b5 51. Ne5 Rxf4 52. Kxf4 b4 53. Nf3 b3 54. Ke3 b2 55. Nd2 0-1

[Event "HZ Open"]
[Site "Vlissingen OLA"]
[Date "2007.08.11"]
[Round "9"]
[White "Romanishin, O."]
[Black "Flores, Di"]
[Result "1-0"]
[WhiteElo "2546"]
[BlackElo "2560"]
[PlyCount "83"]
[EventDate "2007.08.04"]
[Source "www.chesslib.no"]
[SourceDate "2004.05.04"]

1. d4 g6 2. Nf3 Bg7 3. g3 c5 4. c3 Qc7 5. Bg2 Nf6 6. O-O O-O 7. a4 d6 8. Re1 Bf5 9. Nbd2 cxd4 10. Nxd4 Bd7 11. e4 Nc6 12. Nb5 Qd8 13. Nc4 Bg4 14. Qd2 Rc8 15. Ne3 Bd7 16. Qd1 a6 17. Nd4 Na5 18. h3 Qb6 19. Ra3 Nc4 20. Nxc4 Rxc4 21. Rb3 Qc7 22. e5 dxe5 23. Rxb7 Qc8 24. Rxe5 Bxh3 25. Rbxe7 Bxg2 26. Kxg2 Ng4 27. Re1 Bxd4 28. cxd4 Rc2 29. R7e2 Qb7+ 30. f3 Rcc8 31. Qd3 h5 32. d5 Nf6 33. d6 Rc5 34. Bf4 Rf5 35. Re5 Rxf4 36. gxf4 Qxb2+ 37. R1e2 Qc1 38. d7 Qc7 39. Re7 h4 40. Qd4 Nh5 41. Re8 Nxf4+ 42. Kf1 1-0

[Event "4. Open"]
[Site "?"]
[Date "2000.07.31"]
[Round "7"]
[White "Ovsejevitsch Sergei"]
[Black "Istratescu Andrei"]
[Result "1/2-1/2"]
[WhiteElo "2526"]
[BlackElo "2578"]
[PlyCount "87"]
[EventDate "2000.??.??"]
[Source "www.chesslib.no"]
[SourceDate "2004.05.04"]

1. d4 g6 2. e4 Bg7 3. c4 Nc6 4. Nf3 d6 5. d5 Nb8 6. Nc3 Nf6 7. Be2 O-O 8. O-O Bg4 9. h3 Bxf3 10. Bxf3 Nbd7 11. Be3 c6 12. Rc1 Qa5 13. Qd2 Rfc8 14. b3 a6 15. dxc6 bxc6 16. Na4 Qxd2 17. Bxd2 c5 18. e5 Nxe5 19. Bxa8 Rxa8 20. Bc3 Nfd7 21. Rcd1 Rb8 22. Rfe1 Nc6 23. Bxg7 Kxg7 24. Nc3 Nf8 25. f4 Ne6 26. g3 h5 27. Rf1 f5 28. Kg2 Ned4 29. Rfe1 Kf7 30. Rd2 Rg8 31. h4 Rb8 32. Na4 Rb7 33. Re3 Nb8 34. Red3 Nbc6 35. Re3 a5 36. Re1 Nb4 37. Rf2 Kf6 38. Nc3 Nbc6 39. Na4 e6 40. Rd1 Ke7 41. Re1 Rd7 42. Rd1 Rd8 43. Nc3 Rd7 44. Na4 1/2-1/2

[Event "Warsaw POL, 5. Amplico AIG"]
[Site "?"]
[Date "2005.12.18"]
[Round "11"]
[White "Miton Kamil"]
[Black "Heberla Bartlomiej"]
[Result "0-1"]
[WhiteElo "2636"]
[BlackElo "2465"]
[PlyCount "44"]
[EventDate "2005.??.??"]
[Source "www.chesslib.no"]
[SourceDate "2004.05.04"]

1. d4 g6 2. Nf3 Bg7 3. c4 c5 4. d5 d6 5. g3 b5 6. cxb5 a6 7. bxa6 Nf6 8. Nc3 O-O 9. Bg2 Nbd7 10. O-O Nb6 11. Rb1 Bf5 12. Ra1 Ne4 13. Nb5 Bd7 14. a4 Rxa6 15. Qd3 Rxa4 16. Rxa4 Nxa4 17. Na7 Nf6 18. b3 Nb6 19. Nd2 Nbxd5 20. Nb5 Nb4 21. Qc4 d5 22. Qxc5 Na6 0-1

[Event "ARM-ch 63rd"]
[Site "Yerevan"]
[Date "2003.09.17"]
[Round "2"]
[White "Yegiazarian, Arsen"]
[Black "Minasian, Artashes"]
[Result "1-0"]
[WhiteElo "2524"]
[BlackElo "2571"]
[PlyCount "83"]
[EventDate "2003.09.16"]
[Source "ChessBase"]
[SourceDate "2003.10.22"]

1. d4 g6 2. Nf3 Bg7 3. g3 c5 4. c3 Qa5 5. d5 d6 6. Bg2 Nf6 7. O-O O-O 8. Nbd2 Qc7 9. e4 e6 10. Re1 exd5 11. exd5 b5 12. a4 Bb7 13. axb5 Bxd5 14. c4 Bb7 15. Nb3 a6 16. Bf4 Rd8 17. Na5 axb5 18. Nxb7 Rxa1 19. Qxa1 Qxb7 20. Nd4 Qb6 21. Nxb5 Bf8 22. Rd1 h6 23. b4 Ne8 24. Qa5 Nd7 25. Qxb6 Nxb6 26. bxc5 Nxc4 27. c6 g5 28. Rc1 Na5 29. Be3 Rc8 30. Bh3 Rxc6 31. Rxc6 Nxc6 32. Bd7 Ne5 33. Bxe8 Be7 34. Nd4 Kf8 35. Bb5 h5 36. Nf5 f6 37. Kg2 g4 38. Bf4 Kf7 39. Bxe5 fxe5 40. Bc4+ Kf6 41. Nxe7 Kxe7 42. h4 1-0

[Event "Ch Yugoslavia Open"]
[Site "Baden-Baden GER"]
[Date "1996.??.??"]
[Round "2"]
[White "Tiviakov, Sergei"]
[Black "Izmukhambetov, Salauat"]
[Result "0-1"]
[WhiteElo "2625"]
[BlackElo "2465"]
[PlyCount "134"]
[EventDate "1996.??.??"]
[Source "www.chesslib.no"]
[SourceDate "2004.05.04"]

1. d4 g6 2. c4 Bg7 3. Nc3 c5 4. d5 Bxc3+ 5. bxc3 Qa5 6. Qc2 f5 7. Nh3 Nf6 8. g3 d6 9. Bg2 Nbd7 10. Bg5 Nb6 11. Bxf6 exf6 12. Qb3 Bd7 13. O-O Ba4 14. Qb1 O-O-O 15. Qd3 Qa6 16. e4 fxe4 17. Qxe4 f5 18. Qf3 Qxc4 19. Ng5 Rd7 20. Rfe1 h6 21. Ne6 Bc2 22. Qe2 Qxe2 23. Rxe2 Bd3 24. Re3 Bc4 25. Nf4 Rg8 26. a3 g5 27. Nh5 Rdd8 28. Rae1 Nd7 29. Re6 Ne5 30. Rxh6 Rh8 31. Rxh8 Rxh8 32. Ng7 f4 33. Nf5 Kd7 34. gxf4 gxf4 35. f3 Rh5 36. Rd1 Rxf5 37. Bh3 Nxf3+ 38. Kf2 Nh4 39. Rg1 Ke7 40. Bxf5 Nxf5 41. Kf3 Bxd5+ 42. Kxf4 Kf6 43. Rg5 Ne7 44. Rg1 Be6 45. Ke3 b5 46. Kd2 Nf5 47. Kc2 a5 48. Re1 a4 49. Rb1 Ne3+ 50. Kc1 Bb3 51. Rb2 Kg5 52. Re2 Nc4 53. Rg2+ Kh5 54. Rg7 Nxa3 55. Ra7 Kg6 56. Rb7 Bd5 57. Rb6 Nc4 58. Rxb5 Be4 59. Rb8 a3 60. Rg8+ Kf7 61. Rc8 a2 62. Rc7+ Kg6 63. Ra7 Bb1 64. Ra4 Kh5 65. Ra8 Kg4 66. Rg8+ Kh3 67. Rh8+ Kg2 0-1

[Event "Koszalin 73/81"]
[Site "?"]
[Date "1998.??.??"]
[Round "?"]
[White "Grabarczyk, Miroslaw"]
[Black "Ehlvest, Jaan"]
[Result "0-1"]
[WhiteElo "2470"]
[BlackElo "2620"]
[PlyCount "121"]
[EventDate "1998.??.??"]
[Source "ChessBase"]
[SourceDate "1998.06.01"]

1. d4 g6 2. c4 Bg7 3. g3 c5 4. d5 d6 5. Nf3 b5 6. cxb5 a6 7. bxa6 Nf6 8. Nc3 O-O 9. Bg2 Nxa6 10. O-O Bf5 11. Nh4 Bd7 12. Bg5 Qa5 13. Qd2 Rfb8 14. Nf3 Qb4 15. e4 Nxe4 16. Nxe4 Qxe4 17. Rae1 Qb4 18. Rxe7 Qxd2 19. Nxd2 Bb5 20. Rfe1 Nb4 21. Ne4 Nc2 22. Rd1 Bf8 23. Nxd6 Bxe7 24. Bxe7 Be2 25. Rd2 Nd4 26. b3 Rxb3 27. f4 Rd3 28. Rb2 Bf3 29. Nc4 Bxg2 30. Kxg2 Nf5 31. d6 Nxe7 32. dxe7 Re8 33. Rb7 f6 34. Rb6 Rxe7 35. Rxf6 Rc7 36. Ra6 Kg7 37. Nd6 Rd7 38. Nb5 Rd2+ 39. Kh3 Re7 40. Rc6 Rxa2 41. Rxc5 Ree2 42. Kg4 Rxh2 43. Rc7+ Kf6 44. Rc6+ Ke7 45. Rc7+ Kd8 46. Rc3 Rad2 47. Na3 h5+ 48. Kg5 Rh3 49. Nc4 Rg2 50. Kxg6 h4 51. Rd3+ Kc7 52. Kf5 Rgxg3 53. Rd5 Rg8 54. Ne5 Rf8+ 55. Kg4 Rg3+ 56. Kxh4 Rg1 57. Rc5+ Kd6 58. Rc6+ Kd5 59. Rc5+ Kxc5 60. Nd7+ Kd6 61. Nxf8 0-1

[Event "Campionato europeo 2007"]
[Site "Dresda GER"]
[Date "2007.04.04"]
[Round "2.52"]
[White "Wells, Peter"]
[Black "Minasian, Artashes"]
[Result "1/2-1/2"]
[WhiteElo "2499"]
[BlackElo "2586"]
[PlyCount "39"]
[EventDate "2007.04.03"]
[Source "www.chesslib.no"]
[SourceDate "2004.05.04"]

1. d4 g6 2. e4 Bg7 3. c4 c5 4. Nf3 d6 5. Be2 Nc6 6. d5 Nd4 7. Nxd4 cxd4 8. O-O Qb6 9. a4 a5 10. c5 Qxc5 11. Bb5+ Kf8 12. Nd2 Nf6 13. b3 Bg4 14. f3 d3+ 15. Kh1 Bd7 16. Nc4 Bxb5 17. Be3 Qb4 18. Bd2 Qc5 19. Be3 Qb4 20. Bd2 1/2-1/2

[Event "Bundesliga 9495"]
[Site "GER"]
[Date "1995.??.??"]
[Round "?"]
[White "Piskov, Yury"]
[Black "Norwood, David"]
[Result "1-0"]
[WhiteElo "2540"]
[BlackElo "2545"]
[PlyCount "101"]
[EventDate "1994.10.??"]
[Source "www.chesslib.no"]
[SourceDate "2004.05.04"]

1. d4 g6 2. Nf3 Bg7 3. g3 c5 4. c3 Na6 5. Bg2 Nf6 6. O-O O-O 7. h3 d5 8. Ne5 Bf5 9. e3 b5 10. g4 Bxb1 11. Rxb1 Qd6 12. Nd3 c4 13. Ne5 Ne4 14. f4 f6 15. Nf3 Rab8 16. a3 Nc7 17. Bd2 a5 18. Be1 e5 19. Nh4 exf4 20. exf4 f5 21. gxf5 gxf5 22. Qh5 Qh6 23. Qxh6 Bxh6 24. Rd1 Rbe8 25. Bd2 Kg7 26. Bf3 Kf6 27. Ng2 Rg8 28. Kh2 Nxd2 29. Rxd2 b4 30. axb4 axb4 31. cxb4 Rb8 32. Ra1 Rxb4 33. Ra7 Rg7 34. Ra5 Rd7 35. Kg3 Rb3 36. Kf2 Ne6 37. Ra6 Bf8 38. Ne3 Rd6 39. Nxd5+ Kg6 40. Ra5 Nd8 41. Ne3 Rdb6 42. Rxf5 Rxb2 43. Rg5+ Kf6 44. Nd5+ Ke6 45. Bg4+ Kf7 46. Bh5+ Ke6 47. Nxb6 Rxd2+ 48. Ke3 Rd3+ 49. Ke4 Kf6 50. Rg8 Ne6 51. Nd5# 1-0

[Event "Interzonal"]
[Site "Biel izt"]
[Date "1993.??.??"]
[Round "?"]
[White "Lima, Darcy"]
[Black "Gurevich, Mikhail N"]
[Result "0-1"]
[WhiteElo "2475"]
[BlackElo "2610"]
[PlyCount "63"]
[EventDate "1993.??.??"]
[Source "www.chesslib.no"]
[SourceDate "2004.05.04"]

1. d4 g6 2. c4 Bg7 3. Nc3 c5 4. dxc5 Na6 5. Bd2 Nf6 6. g3 Nxc5 7. Bg2 d6 8. b4 Ncd7 9. Rc1 O-O 10. Qb3 a5 11. a3 axb4 12. axb4 Nb6 13. Nh3 Be6 14. Nd5 Nxc4 15. Qxc4 Nxd5 16. Bxd5 Bxh3 17. Bxb7 Ra7 18. Bc6 Rc7 19. b5 Bg2 20. Rg1 Bxc6 21. Ba5 Bxb5 22. Bxc7 Qd7 23. Qb4 Rc8 24. Qa5 Bd4 25. Kd2 Bxf2 26. Rgf1 Bc5 27. Bb6 Rb8 28. Bxc5 dxc5+ 29. Ke1 Bxe2 30. Rf4 Bb5 31. Kf2 c4 32. Ke3 0-1

[Event "Ordix Open"]
[Site "?"]
[Date "1999.07.03"]
[Round "6"]
[White "Epishin Vladimir V"]
[Black "Schmaltz Roland"]
[Result "1/2-1/2"]
[WhiteElo "2578"]
[BlackElo "2502"]
[PlyCount "108"]
[EventDate "1999.??.??"]
[Source "www.chesslib.no"]
[SourceDate "2004.05.04"]

1. d4 g6 2. g3 Bg7 3. Bg2 Nf6 4. e4 d6 5. Ne2 O-O 6. O-O Nc6 7. h3 e5 8. c3 Re8 9. d5 Ne7 10. c4 a5 11. Nbc3 Nd7 12. Be3 f5 13. Qd2 Nc5 14. Kh2 Nxe4 15. Nxe4 fxe4 16. g4 b6 17. Nc3 Kh8 18. Nxe4 Ng8 19. f4 exf4 20. Rxf4 Ba6 21. Bd4 Qe7 22. Bxg7+ Kxg7 23. Ng5 Qxg5 24. Rf7+ Kxf7 25. Qxg5 Kg7 26. Rf1 Re7 27. Qf4 Rae8 28. Qd4+ Re5 29. b3 Bc8 30. Rf2 Nf6 31. a3 g5 32. b4 axb4 33. axb4 h5 34. gxh5 Nxh5 35. c5 bxc5 36. bxc5 Nf4 37. cxd6 cxd6 38. Qa7+ Kg8 39. h4 R5e7 40. Qa4 Bd7 41. Qd4 Rh7 42. Rxf4 gxf4 43. Qxf4 Rg7 44. Bf3 Rf8 45. Qe3 Rf6 46. h5 Bf5 47. Qd4 Rgf7 48. Kg3 Kh7 49. Kh4 Bc2 50. Be4+ Bxe4 51. Qxe4+ Kh6 52. Qe3+ Rf4+ 53. Kg3 Kxh5 54. Qxf4 Rxf4 1/2-1/2